| 000 | 00433nam a22001817a 4500 | ||
|---|---|---|---|
| 003 | OSt | ||
| 005 | 20180116183056.0 | ||
| 008 | 160908b xxu||||| |||| 00| 0 eng d | ||
| 020 | _a0 | ||
| 040 | _c0 | ||
| 082 | _a794.1 LAN 1980 | ||
| 100 | _aPaul Langfield | ||
| 245 |
_aGuidelines Chess _cPaul Langfield |
||
| 260 |
_aLondon _bMacdonald and Co. _c1980 |
||
| 300 |
_a96 p. _bPB |
||
| 440 | _aGuidelines Chess | ||
| 942 |
_2ddc _cBK |
||
| 999 |
_c351816 _d351816 |
||